Whose View Is It Anyway? Quiz Stats

 Plays Quiz Updated Aug 12, 2016

Also try: Job by Head Gear
Challenge
Share
Tweet
Score 0/20 Timer 05:00
2 Plays Today
% Correct
Dentist
99.7%
Astronaut
98.3%
U.S. President
98%
Jockey
97.5%
Tattoo Artist
97.3%
Pilot
97.2%
Photographer
96.7%
Judge
95.9%
Landscaper
94.6%
Skier
94.4%
% Correct
Yoga Instructor
93.8%
Conductor
93.7%
Meteorologist
92.9%
Optometrist
92.4%
Animator
92.1%
Barista
91.5%
Gym Teacher
90.7%
Florist
90%
Umpire
88.1%
Shoeshiner
85.5%

You're not logged in!

Compare scores with friends on all Sporcle quizzes.
Join for Free
OR
Log In

You Might Also Like...

Show Comments

Extras

Top Quizzes Today


Score Distribution

Your Account Isn't Verified!

In order to create a playlist on Sporcle, you need to verify the email address you used during registration. Go to your Sporcle Settings to finish the process.

Report this User

Report this user for behavior that violates our Community Guidelines.

Details: